Central Library OPAC University of Rajshahi

Accounting principles / (Record no. 53727)

MARC details
000 -LEADER
fixed length control field 00758nam a2200253 a 4500
001 - CONTROL NUMBER
control field 53727
003 - CONTROL NUMBER IDENTIFIER
rucl marc code BD-RjUL
005 - DATE AND TIME OF LATEST TRANSACTION
control field 20211209080018.0
008 - FIXED-LENGTH DATA ELEMENTS--GENERAL INFORMATION
fixed length control field 161024s1996 i a b 00110 eng
020 ## - INTERNATIONAL STANDARD BOOK NUMBER
International Standard Book Number 8185386080
035 ## - SYSTEM CONTROL NUMBER
System control number (BD-RjUL)53849
040 ## - CATALOGING SOURCE
Original cataloging agency BD-RjUL
Language of cataloging eng
Transcribing agency BD-RjUL
Modifying agency BD-RjUL
041 ## - LANGUAGE CODE
Language code of text/sound track or separate title eng
082 ## - DEWEY DECIMAL CLASSIFICATION NUMBER
Edition number 23
Classification number 658.1511
Author mark and year ANA 1996
100 10 - MAIN ENTRY--PERSONAL NAME
Personal name Anthony, Robert N.
Fuller form of name (Robert Newton),
Dates associated with a name 1916-2006.
9 (RLIN) 45844
245 10 - TITLE STATEMENT
Title Accounting principles /
Statement of responsibility, etc. Robert N. Anthony, James S. Reece
250 ## - EDITION STATEMENT
Edition statement 6th ed.
260 ## - PUBLICATION, DISTRIBUTION, ETC. (IMPRINT)
Place of publication, distribution, etc. Delhi :
Name of publisher, distributor, etc. AITBS Publishers
Date of publication, distribution, etc. 1996
300 ## - PHYSICAL DESCRIPTION
Pagination xvii, 678 p. :
Illustrations ill. ;
Size 25 cm.
500 ## - GENERAL NOTE
General note Includes Index.
650 #0 - SUBJECT ADDED ENTRY--TOPICAL TERM
Topical term or geographic name as entry element Accounting
9 (RLIN) 45977
General subdivision Manegerial accounting
700 10 - ADDED ENTRY--PERSONAL NAME
Personal name Reece, James S.
942 ## - ADDED ENTRY ELEMENTS (KOHA)
Source of classification or shelving scheme Dewey Decimal Classification
Koha item type Books
Holdings
Lost status Source of classification or shelving scheme Damaged status Not for loan Collection code Permanent Location Current Location Shelving location Date acquired Source of acquisition Cost, normal purchase price Total Checkouts Full call number Date last seen Copy number Koha item type
  Dewey Decimal Classification     Non-fiction Central Library, University of Rajshahi Central Library, University of Rajshahi   26/06/1999 Aligorh Library, Dhaka 170.00   658.1511 ANA 1996 24/10/2016 C-2 Books
  Dewey Decimal Classification   Not For Loan Non-fiction Central Library, University of Rajshahi Central Library, University of Rajshahi Reading Room 26/06/1999 Aligarh Lib. 170.00   658.1511 ANA 1996 08/06/2017 C-1 Books
  Dewey Decimal Classification     Non-fiction Central Library, University of Rajshahi Central Library, University of Rajshahi   26/06/1999 Aligarh Lib. 170.00   658.1511 ANA 1996 08/06/2017 C-3 Books